000 00572nam a2200193 a 4500
001 000015611
005 20240530073918.0
008 100215s1935 dr 001 f spa d
040 _aDO-SdBNP
_bspa
_cBNPHU
082 _aRD863.44
_bS211m
100 1 _aSánchez, Laudiseo A.
_924106
245 1 0 _aMomo y un estupro campesino /
_cLaudiseo A. Sánchez.
260 _aSalcedo :
_b[s.n.] ,
_c1935.
300 _a206 p. : ;
_c21 cm.
650 0 _aNovela dominicana
_9223
650 0 _aLiteratura dominicana.
_967
910 _aValidado. Control de calidad MFF
049 _aBNPD
999 _c15166
_d15166